Počiatky "Českého lidu" a slovenský národopis

Bibliographic Details
Main Author: Mjartan, Ján, 1902-1996 (Author)
Format: Book
Language:Slovak
PhysicalDescription:S. 251-258 30 cm
Published: [S.l. s.n. 1970?]
Subjects:

MARC

LEADER 00000nam a2200000 a 4500
001 vtls001319018
003 SK-MaSNL
005 20260301005343.0
008 240316sm y0 xo c 0 slo
020 |c 10,00 
035 |a SNK000271591 
040 |a SNK  |b slo  |c SNK  |e AACR2 
044 |a xo  |c SK 
080 |a 39(437.6):05(437.1)"189"  |2 1981 
100 1 |a Mjartan, Ján,  |d 1902-1996  |4 aut  |9 211649 
245 1 |a Počiatky "Českého lidu" a slovenský národopis 
260 |a [S.l.  |b s.n.  |c 1970?] 
300 |a S. 251-258  |c 30 cm 
500 |a Odtlačok 
630 0 7 |a Český lid (časopis český)  |x národopis slovenský  |x odtlačky  |2 SNK  |9 289541 
999 |c 544952  |d 546882 
952 |t P60, <03>, [BOOK], {603}  |a SNK  |b SNK  |y PREZ  |7 0  |p 17A0118371  |o snkOSB 11681  |i snkK 292/98  |0 0  |1 0  |4 0  |d 1998-02-03  |l 0  |r 2005-01-02 00:00:00  |w 2026-02-23